Statistics for Best 2018 rap songs

Click here to take the quiz!

General Stats

  • This quiz has been taken 763 times
  • The average score is 5 of 25

Answer Stats

Ranking Artist Answer % Correct
3XXXTentacionSad
84%
1DrakeGod's Plan
81%
2BlocboyJBLook Alive
48%
9Lil DickyFreaky Friday
40%
13Famous DexJapan
33%
4Post MalonePsycho
30%
12DrakeNice For What
26%
11Rae SremmurdPowerglide
16%
5FutureKing's Dead
15%
24J.ColeATM
15%
196ix9ineKEKE
15%
6Kendrick LamarAll The Stars
11%
18LogicEveryday
9%
8Logic44 More
8%
14XXXTentacionHope
6%
25Tyler,The CreatorOkra
5%
17Joyner LucasStranger Things
4%
15NFNo Name
3%
21Lil Yachty66
2%
23A$AP RockyA$AP Forever
2%
7Lil Uzi VertMood
0%
20LogicWassup
0%
22Lil Pumpi Shyne
0%
10MigosSupastars
0%
16YoungboyLove Is Poison
0%

Score Distribution

Percentile by Number Answered

Percent of People with Each Score

Your Score History

You have not taken this quiz